Sports Quiz

Random Sports or Famous Quiz

Kansas City's Famous Athletes Quiz Stats

Quiz not verified by Sporcle

Challenge
Share
Tweet
Embed
Score 0/24 Timer 09:00
0 Plays Today
Acolades Athlete % Correct
Kansas city Royals Hall of Famer (13x All-Star)George Brett
98.1%
NFL Hall of Famer (1969 Super Bowl MVP)Len Dawson
88.3%
2002 NFL Offensive Player of the YearPriest Holmes
84.4%
Kansas City Chiefs (126.5 Career Sacks)Derrick Thomas
81.8%
The Masters Champion (1977 & 1981)Tom Watson
72.7%
Cy Young WinnerZach Greinke
55.8%
8x Gold Glove WinnerFrank White
53.2%
668 Career Stolen BasesWillie Wilson
29.2%
5x Rolaids Relief Man of the YearDan Quisenberry
25.3%
Kansas City Kings Hall of FamerNate 'Tiny' Archibald
24.7%
Professional Boxer (Career Record of 48-3-1 with 42 KO's)Tommy Morrison
20.1%
NFL 75th Anniversary All-Time TeamWillie Lanier
12.3%
Acolades Athlete % Correct
Kansas City Royals (166 Career Wins)Paul Splittorff
11.7%
Kansas City Royals (Career 3.70 ERA)Dennis Leonard
10.4%
Kansas City Chiefs (6x All-Pro)Tony Gonzalez
9.7%
Presidential Medal Of Freedom RecipientBuck O'Neil
9.1%
Kansas City Chiefs (5x Pro Bowl Selection)Emmitt Thomas
7.1%
3x Gold Glove WinnerAmos Otis
7.1%
Career 3.96 ERA (Leads Royals in 3 Pitching Catagories)Mark Gubicza
7.1%
Kansas City Chiefs (2x All Pro)Otis Taylor
5.2%
Kansas City Chiefs (Pro Bowl MVP)Jan Stenerud
2.6%
Kansas City Chiefs (1st RD Pick from Iowa)John Alt
1.9%
Played 700 games (686 With Royals)Jeff Montgomery
1.9%
Kansas CIty Royals Hall of Famer (3x All-Star)Fred Patek
1.9%

You're not logged in!

Compare scores with friends on all Sporcle quizzes.
Sign Up with Email
OR
Log In

You Might Also Like...

Show Comments

Extras

Top Quizzes Today


Score Distribution

Your Account Isn't Verified!

In order to create a playlist on Sporcle, you need to verify the email address you used during registration. Go to your Sporcle Settings to finish the process.

Report this User

Report this user for behavior that violates our Community Guidelines.

Details: